Posłowie Konfederacji w X kadencji Sejmu - Statystyki

Ogólne statystyki
  • Ten quiz został rozwiązany 40 razy
  • Średni wynik to 9 z 16
Statystyki odpowiedzi
Poseł na Sejm % Poprawnych
Karina Bosak
100%
Krzysztof Bosak
100%
Sławomir Mentzen
100%
Konrad Berkowicz
77%
Witold Tumanowicz
69%
Grzegorz Płaczek
65%
Michał Wawer
58%
Ryszard Wilk
54%
Andrzej Zapałowski
46%
Przemysław Wipler
46%
Bartłomiej Pejo
38%
Krzysztof Tuduj
38%
Bronisław Foltyn
35%
Krzysztof Mulawa
35%
Michał Połuboczek
35%
Krzysztof Szymański
23%
Nie znaleziono quizów pasujących do podanych kryteriów
Rozkład punktacji
Procent ludzi z każdym wynikiem
Percentyl według liczby udzielonych odpowiedzi
Twoja historia wyników
Nie rozwiązałeś tego quizu